00328 a2200133 4500000002500000100002100025110002100046245002200067250001900089260003000108264003000138942000700168999001900175 nam a22 7a 4500 aAbrahan, George  aAbrahan, George  aPhysical Litrracy aLatest edition bKhel Sahitya Kendrac2025 bKhel Sahitya Kendrac2025 cBK c394168d394168